| 000 | 00597nam a2200181 a 4500 | ||
|---|---|---|---|
| 008 | 120416s1970 ||||||||||||||||| || u | ||
| 020 | _a0806940387 | ||
| 050 | _aGV 1059.5 Wal | ||
| 100 | _aWallach, Theresa | ||
| 245 | 1 | 0 | _aEasy motorcycle riding |
| 260 |
_aNew York: _bSterling _c1970 |
||
| 300 | _a144p. : ill. | ||
| 350 | _a0.00 | ||
| 650 | _aMOTORCYCLING--JUVENILE LITERATURE | ||
| 650 | _aMotorcycles | ||
| 650 | _aMotorcycling | ||
| 995 |
_D0.00 _FCBU-MAIN LIBRARY (Kitwe) _H1 _I4.75 _UAVAILABLE _ZMain Library Open Access Collection |
||
| 999 |
_c40676 _d40676 |
||